Online
Catalog

El error de Descartes : (Record no. 1668)

MARC details
000 -CABECERA
campo de control de longitud fija 01227nam a2200313 a 4500
001 - NÚMERO DE CONTROL
campo de control 000001791
005 - FECHA Y HORA DE LA ÚLTIMA TRANSACCIÓN
campo de control 20250702123722.0
008 - DATOS DE LONGITUD FIJA--INFORMACIÓN GENERAL
campo de control de longitud fija 090629s2006 es a 001 0 spa d
020 ## - NÚMERO INTERNACIONAL ESTÁNDAR DEL LIBRO
Número Internacional Estándar del Libro 8484321843
020 ## - NÚMERO INTERNACIONAL ESTÁNDAR DEL LIBRO
Número Internacional Estándar del Libro 9788484321842
040 ## - FUENTE DE LA CATALOGACIÓN
Centro catalogador/agencia de origen DO-SdBNP
Lengua de catalogación spa
Centro/agencia transcriptor BNPHU
082 ## - NÚMERO DE LA CLASIFICACIÓN DECIMAL DEWEY
Número de clasificación 153.43
Número de documento/Ítem D155e
100 1# - ENTRADA PRINCIPAL--NOMBRE DE PERSONA
Nombre de persona Damasio, Antonio R.
9 (RLIN) 5811
245 13 - MENCIÓN DE TÍTULO
Título El error de Descartes :
Resto del título la emoción, la razón y el cerebro humano /
Mención de responsabilidad, etc. Antonio R. Damasio ; traducción Joandoménec Ros.
246 1# - FORMA VARIANTE DE TÍTULO
Título propio/Titulo breve Descarte's error : emotion, reason and the human brain
260 ## - PUBLICACIÓN, DISTRIBUCIÓN, ETC.
Lugar de publicación, distribución, etc. Barcelona :
Nombre del editor, distribuidor, etc. Crítica,
Fecha de publicación, distribución, etc. 2006.
300 ## - DESCRIPCIÓN FÍSICA
Extensión 344 p. :
Otras características físicas il. ;
Dimensiones 19 cm.
490 1# - MENCIÓN DE SERIE
Mención de serie Biblioteca de bolsillo
Designación de volumen o secuencia 65
500 ## - NOTA GENERAL
Nota general Incluye índice
500 ## - NOTA GENERAL
Nota general La biblioteca posee la cuarta impresión de 2006
504 ## - NOTA DE BIBLIOGRAFÍA, ETC.
Nota de bibliografía, etc. Incluye notas y referencias bibliográficas (p. 305-327)
534 ## - NOTA SOBRE LA VERSIÓN ORIGINAL
Frase introductoria Título original en inglés:
Mención de título del original Descarte's error : emotion, reason and the human brain
650 #4 - PUNTO DE ACCESO ADICIONAL DE MATERIA--TÉRMINO DE MATERIA
Término de materia o nombre geográfico como elemento de entrada Emociones
Subdivisión general Aspectos psicológicos
9 (RLIN) 5812
650 #4 - PUNTO DE ACCESO ADICIONAL DE MATERIA--TÉRMINO DE MATERIA
Término de materia o nombre geográfico como elemento de entrada Razón
Subdivisión general Aspectos psicológicos
9 (RLIN) 5813
650 #0 - PUNTO DE ACCESO ADICIONAL DE MATERIA--TÉRMINO DE MATERIA
Término de materia o nombre geográfico como elemento de entrada Neuropsicología
9 (RLIN) 5814
700 1# - PUNTO DE ACCESO ADICIONAL--NOMBRE DE PERSONA
Nombre de persona Ros, Joandoménec
Término indicativo de función/relación tr.
9 (RLIN) 5815
830 #0 - PUNTO DE ACCESO ADICIONAL DE SERIE-TÍTULO UNIFORME
Título uniforme Biblioteca de bolsillo
Designación de volumen o secuencia 65
9 (RLIN) 5816
910 ## - DATOS DE OPCIÓN DEL USUARIO (OCLC)
Datos de opción del usuario Validado. Control de calidad MMOLINA
Holdings
Estado de retiro Estado de pérdida Restricciones de uso No para préstamo Código de colección Localización permanente Ubicación/localización actual Ubicación en estantería Fecha de adquisición Número de inventario Total de préstamos Signatura topográfica completa Código de barras Fecha visto por última vez Precio válido a partir de Tipo de ítem Koha
    Préstamo interno   Monografías: Libros y Folletos General General En catalogación 29.06.2009 LF1   153.43 D155e 1791-10 25.06.2020 25.06.2020 Préstamo interno

Powered by Koha